1813 1383 1183 1861 1572 1545 1864 1416 1357 1655 1541 1753 1861 1521 1388 1665 1151 1914 1726 1323 1551 1273 1037 1007 1558 1683 1820 1264 1021 1840 1667 1611 1551 1153 1298 1574 1344 1263 1536 1776 1934 1193 1894 1433 1242 1324 1776 1728 1459 1603 1356 1606 1024 1081 1139 1654 1316 1826 1305 1124 1530 1457 1383 1632 1065 1599 1412 1122 1073 1996 1061 1286 1497 1587 1370 1350 1159 1206 1992 1384 1072 1479 1187 1920 1805 1475 1566 1243 1873 1865 1541 1142 1021 1242 1186 1069 1610 1743 1149 BCNSPRNW ULIB Ver.6.0+V

เปลี่ยนเป็นภาษาไทย

Change to English
 แสดงรายละเอียดบรรณานุกรม
  กลับหน้าหลัก

Brief Record : Get Marc (ISO 2709) : E-mail record : QR code < ปิดหน้าต่าง
LEADER : 00000nam 2200000uu 4500
001    13399112473
003     ULIB
008    110817s2545||||th 000 0 tha d
020    9744230207
050 04 HN700.55^bร451 2545
245 00 รายงานคุณภาพชีวิตของคนไทยปี 2545 จากข้อมูลความจำเป็นพื้นฐาน (จปฐ.) /^cคณะอนุกรรมการแผนพัฒนาระดับภูมิภาคและท้องถิ่น คณะกรรมการอำนวยการงานพัฒนาคุณภาพชีวิตของประชาชนในชนบท
246 31 รายงานคุณภาพชีวิตของคนไทย จากข้อมูลความจำเป็นพื้นฐาน (จปฐ.)
260    กรุงเทพฯ :^bศูนย์ข้อมูลเพื่อการพัฒนาชนบทกระทรวงมหาดไทยกรมการพัฒนาชุมชน กระทรวงมหาดไทย,^c2545
300    242 หน้า :^bภาพประกอบ ;^c30 ซม
650  7 คุณภาพชีวิต^zไทย
650  7 ความจำเป็นพื้นฐาน^zไทย
650  7 social sciences
710 2  คณะกรรมการอำนวยการงานพัฒนาคุณภาพชีวิตของประชาชนในชนบท
710 2  กระทรวงมหาดไทย.^bกรมการพัฒนาชุมชน
740 0  คุณภาพชีวิตของคนไทย ปี 2545 จากข้อมูลความจำเป็นพื้นฐาน (จปฐ.)
945    ^p0^l0^i015765
945    ^p0^l0^i016039
945    ^p0^l0^i016042
995    ทศพร
999 ^a ทศพร
รายการนี้ยังไม่มีแท็ก
คุณยังไม่ได้ล็อกอิน คุณสามารถมีกิจกรรมร่วมกับเว็บไซต์ได้ แต่ต้องล็อกอินก่อน ::
  ล็อกอิน

รายการสื่อสารสนเทศ

ลำดับที่ ประเภท เลขเรียก/บาร์โค้ด สถานที่ สถานะ
- ไม่พบข้อมูล -

รายการใกล้เคียง
    หัวเรื่อง [social sciences]

BibComment


ยังไม่เคยถูกคอมเมนท์

คอมเมนท์ทรัพยากรรายการนี้
  คอมเมนท์: รายงานคุณภาพชีวิต..


 Copyright 2026. Bcnsprnw @Library